| 000 | 00727nam a2200217 a 4500 | ||
|---|---|---|---|
| 001 | BRCA_8018 | ||
| 005 | 20190320210110.0 | ||
| 008 | 190314s1968----gw-a###f##---#001-0#ger-# | ||
| 041 | _ager | ||
| 044 | _agw | ||
| 050 | 4 |
_aGT2918 _b.C67 _c1968 |
|
| 245 | 1 | 0 |
_aCoffea Curiosa _bseltene und amüsante, kuriose und interessante bilder und texte über den Kaffee und von den freunden des kaffeetrinkens aus alter und neuer Zeit _cZusammenstellung und text: Hans H. Krützfeld. |
| 260 |
_aHamburg _bBR _c1968 |
||
| 300 |
_a109 p. _bil. a color _c25 cm. |
||
| 500 | _a3159 | ||
| 650 | 1 | 4 |
_aCafé _vBebidas _919916 |
| 650 | 1 | 4 |
_aCafé _vHistoria _919917 |
| 700 | 1 |
_aKrützfeld, Hans H. _ecomp. _919918 |
|
| 902 | _aGFM | ||
| 942 |
_2lcc _cB |
||
| 999 |
_c7687 _d7687 |
||